000 00887cab a2200277 4500
001 ABS55041
008 090401t1996 xxu||||| |||| 00| 0 eng d
035 _a(Sirsi) u13759
041 _aeng
100 _aTyson, K.
245 _aCity review: Austin
260 _c1996
350 _a0
490 _aNational Real Estate Investor
_v38(3) March 1996, 131-132(2)
520 _aA focus on the Texas capital, looking at the industrial, office and retail markets.
650 _aAUSTIN
650 _aINDUSTRIAL PARKS
650 _aPROPERTY-COMMERCIAL PROPERTY-OFFICE PROPERTY-OFFICE PROPERTY MARKET
650 _aPROPERTY-COMMERCIAL PROPERTY-RETAIL PROPERTY-RETAIL PROPERTY MARKET
650 _aTEXAS
650 _aUNITED STATES
690 _aPROPERTY-COMMERCIAL PROPERTY-COMMERCIAL PROPERTY MARKET
690 _aOVERSEAS-NORTH AMERICA
942 _n0
948 _c04/03/1997
999 _c8863
_d8863